|
|
|
|
| LEADER |
00000nab a2200000 a 4500 |
| 001 |
vtls000282318 |
| 003 |
SK-MaSNL |
| 005 |
20260304064208.0 |
| 008 |
250422c1987 xo 0 slo |
| 015 |
|
|
|a SNBRB19rr/mm-uuuuu
|
| 035 |
|
|
|a CL0292436
|
| 035 |
|
|
|a urn:nbn:sk:snk-abd0um
|
| 035 |
|
|
|a (urnnbn)urn:nbn:sk:snk:ar-006v21
|
| 035 |
|
|
|a (uuid)8ae3c626-b94e-46f7-a750-2f4d475f4e34
|
| 040 |
|
|
|a SNKBUCL
|b slo
|c SNKBUCL
|e AACR2
|
| 041 |
0 |
|
|a slo
|
| 044 |
|
|
|a xo
|c SK
|
| 080 |
|
|
|a 517.518.45
|2 1981
|
| 080 |
|
|
|a 621.3.01
|2 1981
|
| 100 |
1 |
|
|a Neveselý, Miloslav
|4 aut
|9 277820
|
| 245 |
1 |
0 |
|a Chyba spôsobená ohraničením periodického signálu
|c Miloslav Neveselý ; Miroslav Neveselý
|
| 300 |
|
|
|b Sch. 1., lit. 1 zázn. v češ.
|
| 650 |
0 |
7 |
|a signály periodické
|2 snkbucl
|9 1332823
|
| 650 |
0 |
7 |
|a rady Fourierove
|2 snkbucl
|9 1351663
|
| 655 |
|
7 |
|a články z novín a časopisov
|2 snkbucl
|9 267496
|
| 700 |
1 |
|
|a Neveselý, Miloslav
|4 aut
|9 277820
|
| 773 |
0 |
|
|t Elektrotechnický časopis
|g Roč. 38, č. 4 (1987), s. 291-296
|
| 850 |
|
|
|a Slovenská národná knižnica
|
| 852 |
|
|
|a Slovenská národná knižnica
|
| 954 |
|
|
|a odborná, vedecká literatúra pôvodná (slovenská)
|2 lita
|
| 958 |
|
|
|a article17
|
| 958 |
|
|
|a OND
|
| 958 |
|
|
|a RK
|
| 958 |
|
|
|a EUIPO
|
| 992 |
|
|
|a RBX
|
| 999 |
|
|
|c 2745513
|d 2747443
|